Συστήματα πληροφοριών για την ολοκληρωμένη διαχείριση των παράκτιων περιοχών : μεταπτυχιακή διατριβή
Αποθηκεύτηκε σε:
| Κύριος συγγραφέας: | |
|---|---|
| Συγγραφή απο Οργανισμό/Αρχή: | |
| Άλλοι συγγραφείς: | |
| Μορφή: | Thesis Βιβλίο |
| Γλώσσα: | Greek |
| Δημοσίευση: |
Μυτιλήνη :
Πανεπιστήμιο Αιγαίου, Τμήμα Περιβάλλοντος, Μεταπτυχιακό Πρόγραμμα Σπουδών στην Περιβαλλοντική Πολιτική και Διαχείριση,
2000
|
| Θέματα: | |
| Διαθέσιμο Online: | http://hdl.handle.net/11610/15162 |
| Ετικέτες: |
Προσθήκη ετικέτας
Δεν υπάρχουν, Καταχωρήστε ετικέτα πρώτοι!
|
MARC
| LEADER | 00000cam a2200000 i 4500 | ||
|---|---|---|---|
| 001 | 1/16581 | ||
| 008 | 010201s2000 gre d | ||
| 035 | |l 10065824 | ||
| 040 | |a GR-MY-UA |b gre |e aacr | ||
| 041 | 0 | |a gre | |
| 082 | 0 | |a 333.917 |2 (22) | |
| 100 | 1 | |a Κωνστάντογλου, Μαρία. | |
| 245 | 1 | 0 | |a Συστήματα πληροφοριών για την ολοκληρωμένη διαχείριση των παράκτιων περιοχών : |b μεταπτυχιακή διατριβή / |c Μαρία Ε. Κωνστάντογλου ; επιβλέπων Χ. Κοκκώσης |
| 260 | |a Μυτιλήνη : |b Πανεπιστήμιο Αιγαίου, Τμήμα Περιβάλλοντος, Μεταπτυχιακό Πρόγραμμα Σπουδών στην Περιβαλλοντική Πολιτική και Διαχείριση, |c 2000 | ||
| 300 | |a 122 σ.; |c 30 εκ. | ||
| 502 | |a Διατριβή (μεταπτυχιακή) – Πανεπιστήμιο Αιγαίου, Λέσβος, 2000. | ||
| 504 | |a Περιλαμβάνει βιβλιογραφία | ||
| 650 | 0 | 0 | |a Coastal zone management |z Greece. |
| 650 | 0 | 0 | |a Environmental management |z Greece. |
| 650 | 0 | 0 | |a Environmental management |x Geographic information systems. |
| 650 | 0 | 0 | |a Geographic information systems |x Research. |
| 650 | 0 | 0 | |a Dissertations, Academic |z Greece. |
| 700 | 1 | |4 ths |a Κοκκώσης, Χαράλαμπος. | |
| 710 | 2 | |a Πανεπιστήμιο Αιγαίου |b Σχολή Περιβάλλοντος |b Τμήμα Περιβάλλοντος |b Πρόγραμμα Μεταπτυχιακών Σπουδών Περιβαλλοντική Πολιτική και Διαχείριση. | |
| 852 | |a INST |b LESVOS |c DIATR |e 20010201 |h 17 |p 005100027231 |q 005100027231 |t MTXE |y 23 | ||
| 852 | |a INST |b LESVOS |c DIATR |e 20010201 |h 18 |p 005100027230 |q 005100027230 |t MTXE |y 23 | ||
| 856 | |u http://hdl.handle.net/11610/15162 | ||
| 901 | |a BIBL1-2001-1 | ||
| 909 | |a Λ |b 085346 | ||
| 909 | |a Λ |b 085347 | ||
| 924 | |a ΚΩΝΣΤΑΝΤΟΓΛΟΥ |b ΜΑΡΙΑ Ε. |y ΛΕΣΒΟΣ |z 2001-01 | ||
| 970 | |a ΚΑΜΑΤΣΟΥ |b ΔΕΣΠΟΙΝΑ |z 2001/02/01 | ||